General Knowledge Quiz #155 - Statistics

General Stats
  • This quiz has been taken 116,130 times
    83,772 since last reset
  • The average score is 12 of 20
Answer Stats
Question Answer % Correct
What is the only country in the world where some highways have no speed limit? Germany
94%
What company did Bill Gates and Paul Allen found in 1975? Microsoft
91%
Who was the father of Hercules? Jupiter
84%
In terms of video games, what does the term VR stand for? Virtual reality
83%
What can come in Basmati, Arborio, and Jasmine varieties? Rice
80%
What word comes next in this series: Solo, Duet, Trio? Quartet
76%
What rail line connects the cities of Moscow and Vladivostok? Trans-{Siberian} Railway
68%
By area, what is the largest country that is entirely within Europe? Ukraine
67%
What well-known single cell organism has a name that starts and ends with A? Amoeba
63%
Whose image supposedly appears on the Shroud of Turin? Jesus
62%
What is the most famous movie starring Judy Garland? The Wizard of Oz
58%
What Olympic sport combines the five events of fencing, swimming, horse jumping, shooting, and running? Modern pentathlon
55%
In what country, other than China and Taiwan, do more than 25% of adults speak Chinese as a first language? Singapore
50%
In what country did the sport of hurling originate? Ireland
42%
What band takes its name from an American spy plane used during the Cold War? U2
38%
What German word means "to take pleasure from the misfortune of others"? Schadenfreude
36%
What is either a common first name or something a litigious person might do? Sue
36%
What would you add to a Croque Monsieur sandwich to make it a Croque Madame? Fried egg
35%
What country is personified by the goddess Helvetia? Switzerland
31%
For what highly-effective insecticide did chemist Paul Hermann Müller win a Nobel Prize in Medicine in 1948? DDT
23%
No matching quizzes found
Score Distribution
Percent of People with Each Score
Percentile by Number Answered
Your Score History
You have not taken this quiz since the last reset